[Event "Sheffield"]
[Site "Sheffield"]
[Date "2024.04.12"]
[Round "4"]
[White "Dunnington, Angus J"]
[Black "Pein, Jonathan"]
[Result "1/2-1/2"]
[WhiteElo "2317"]
[BlackElo "2247"]
[PlyCount "28"]
[EventDate "2024.04.10"]
[EventType "tourn"]
[EventRounds "9"]
[EventCountry "ENG"]
[EventCategory "2"]
[SourceTitle "CB16_2024"]
[SourceDate "2024.04.17"]
[SourceVersion "1"]
[SourceVersionDate "2024.04.17"]
[SourceQuality "1"]

1. Nf3 Nf6 2. g3 b6 3. Bg2 Bb7 4. 0-0 g6 5. b3 Bg7 6. Bb2 0-0 7. c4 c5 8. d4 cxd4 9. Qxd4 d6 10. Nc3 Nbd7 11. Qd2 Rc8 12. Rfd1 Nc5 13. Rac1 Nfe4 14. Nxe4 Nxe4 1/2-1/2

[Event "Edinburgh Park op"]
[Site "Edinburgh"]
[Date "2024.03.24"]
[Round "5"]
[White "Dunnington, Angus J"]
[Black "King, Alexander1"]
[Result "1-0"]
[WhiteElo "2322"]
[BlackElo "1867"]
[PlyCount "87"]
[EventDate "2024.03.22"]
[EventType "swiss"]
[EventRounds "5"]
[EventCountry "SCO"]
[SourceTitle "CB15_2024"]
[SourceDate "2024.04.10"]
[SourceVersion "1"]
[SourceVersionDate "2024.04.10"]
[SourceQuality "1"]

1. Nf3 b6 2. g3 Bb7 3. Bg2 g6 4. 0-0 Bg7 5. c4 c5 6. Nc3 Nf6 7. d4 cxd4 8. Qxd4 0-0 9. Qh4 Qc8 10. Rd1 d6 11. b3 Qg4 12. Qxg4 Nxg4 13. Nd4 Bxg2 14. Kxg2 Rc8 15. h3 Nf6 16. Bg5 Nbd7 17. Rac1 h6 18. Be3 Kf8 19. f4 a6 20. Bf2 Nc5 21. Kf3 Rc7 22. Nc2 Rd8 23. e4 e6 24. Ne3 Ke7 25. g4 h5 26. g5 Nfd7 27. Ned5+ exd5 28. Nxd5+ Kf8 29. Nxc7 Rc8 30. Nd5 Re8 31. Re1 Nd3 32. Nxb6 N7c5 33. Bxc5 dxc5 34. e5 Nxe1+ 35. Rxe1 Rd8 36. Nd5 a5 37. e6 fxe6 38. Rxe6 Kf7 39. Re7+ Kf8 40. Ra7 Bc3 41. Rc7 Bd4 42. Ra7 Bc3 43. f5 gxf5 44. Kf4 1-0

[Event "Edinburgh Park op"]
[Site "Edinburgh"]
[Date "2024.03.22"]
[Round "1"]
[White "Dunnington, Angus J"]
[Black "McCusker, Andrew"]
[Result "1/2-1/2"]
[WhiteElo "2322"]
[BlackElo "1900"]
[PlyCount "168"]
[EventDate "2024.03.22"]
[EventType "swiss"]
[EventRounds "5"]
[EventCountry "SCO"]
[SourceTitle "CB15_2024"]
[SourceDate "2024.04.10"]
[SourceVersion "1"]
[SourceVersionDate "2024.04.10"]
[SourceQuality "1"]

1. Nf3 Nf6 2. g3 g6 3. b3 b6 4. Bg2 Bb7 5. 0-0 Bg7 6. Bb2 0-0 7. c4 c5 8. d4 cxd4 9. Qxd4 Nh5 10. Qd2 Bxb2 11. Qxb2 d6 12. Nc3 Nf6 13. Qd2 Nbd7 14. Rad1 Ne4 15. Nxe4 Bxe4 16. Qh6 Bxf3 17. exf3 Rc8 18. Qe3 Rc5 19. f4 Nf6 20. Rd4 Qc7 21. Qd3 a5 22. Re1 Rd8 23. Rd1 Rb8 24. a4 Rd8 25. h4 Kg7 26. Bf3 Qd7 27. Kg2 Qf5 28. Qe2 Qe6 29. Qd3 Qf5 30. Qc3 Rdc8 31. Rd5 Qd7 32. h5 gxh5 33. Rxh5 Rxh5 34. Bxh5 Kg8 35. Bf3 Qf5 36. Qe3 Kf8 37. Re1 Rc7 38. Qxb6 Qc5 39. Qb8+ Rc8 40. Qb5 Rc7 41. Rd1 Qa7 42. Qg5 Qb6 43. Rd3 Ng8 44. Qb5 Qa7 45. Qh5 h6 46. Bd5 e6 47. Bf3 Rc5 48. Qh1 Qb6 49. Qd1 Ke7 50. Qd2 Qc7 51. Qe3 Qb8 52. Qd4 Nf6 53. Qe3 Ng8 54. Rd4 Qb4 55. Qd3 Qb8 56. Qc3 Nf6 57. Qe3 Ng8 58. Rd5 Qc7 59. f5 Nf6 60. fxe6 Nxd5 61. Bxd5 fxe6 62. Qxe6+ Kd8 63. Qxh6 Qe7 64. Qg6 Rc8 65. Qd3 Rb8 66. Qc3 Rb4 67. Qh8+ Qe8 68. Qd4 Qe7 69. Qc3 Qe5 70. Qxe5 dxe5 71. c5 Rd4 72. Bc4 Kc7 73. Bb5 Rd5 74. c6 Rd4 75. Kf3 Rb4 76. Bc4 Kxc6 77. g4 Rb8 78. Ke4 Kd6 79. g5 Rf8 80. g6 Rf4+ 81. Ke3 Rg4 82. Bf7 Ke7 83. f3 Rd4 84. Kf2 Rd5 1/2-1/2

[Event "Glasgow op"]
[Site "Glasgow"]
[Date "2023.11.05"]
[Round "4"]
[White "Greet, Andrew"]
[Black "Dunnington, Angus J"]
[Result "1-0"]
[WhiteElo "2404"]
[BlackElo "2331"]
[PlyCount "67"]
[EventDate "2023.11.03"]
[EventType "swiss"]
[EventRounds "5"]
[EventCountry "SCO"]
[SourceTitle "Mega2024 Update 01"]
[Source "Chessbase"]
[SourceDate "2023.11.12"]
[SourceVersion "1"]
[SourceVersionDate "2023.11.12"]
[SourceQuality "1"]

1. c4 e5 2. Nc3 d6 3. Nf3 f5 4. g3 Nf6 5. Bg2 Be7 6. b4 0-0 7. Bb2 Kh8 8. d3 e4 9. Nd2 exd3 10. exd3 Nc6 11. b5 Ne5 12. Qe2 f4 13. d4 Nf7 14. 0-0-0 Bg4 15. Bf3 Bxf3 16. Nxf3 d5 17. c5 a6 18. Rhe1 Ng8 19. a4 axb5 20. axb5 b6 21. Qe6 c6 22. bxc6 bxc5 23. Nxd5 Ra7 24. Nxe7 Rxe7 25. Qc4 Nd6 26. Qd5 c4 27. Ba3 Rxe1 28. Nxe1 fxg3 29. fxg3 Rf2 30. Nc2 Rf6 31. Bxd6 Rxd6 32. Qxc4 Qg5+ 33. Kb2 Ne7 34. Nb4 1-0

[Event "Newcastle Northumbria Masters IM"]
[Site "Newcastle on Tyne"]
[Date "2023.08.25"]
[Round "3"]
[White "Kanyamarala, Trisha"]
[Black "Dunnington, Angus J"]
[Result "1/2-1/2"]
[WhiteElo "2344"]
[BlackElo "2343"]
[PlyCount "62"]
[EventDate "2023.08.24"]
[EventType "schev"]
[EventRounds "9"]
[EventCountry "ENG"]
[SourceTitle "EXT 2024"]
[Source "ChessBase"]
[SourceDate "2023.10.10"]
[SourceVersion "1"]
[SourceVersionDate "2023.10.10"]
[SourceQuality "1"]

1. d4 d6 2. e4 g6 3. Nf3 Bg7 4. Be3 Nf6 5. Nc3 Ng4 6. Bg5 h6 7. Bc1 c6 8. h3 Nf6 9. Be3 Be6 10. Bd3 Na6 11. a3 Nc7 12. Nh4 b6 13. Qf3 Nd7 14. Qg3 g5 15. Nf3 Nf6 16. Nd2 c5 17. Qf3 Nd7 18. Ne2 cxd4 19. Bxd4 Bxd4 20. Nxd4 Ne5 21. Qe2 Qd7 22. N2f3 Ng6 23. Qd2 Nf4 24. Bf1 Ng6 25. a4 a6 26. Ra3 d5 27. e5 Bf5 28. Nxf5 Qxf5 29. Bd3 Qe6 30. Bxg6 Qxg6 31. Rc3 Qe4+ 1/2-1/2

[Event "Newcastle Northumbria Masters IM"]
[Site "Newcastle on Tyne"]
[Date "2022.08.27"]
[Round "3"]
[White "Dunnington, Angus J"]
[Black "Fischer, Daniel1111"]
[Result "0-1"]
[WhiteElo "2361"]
[BlackElo "2373"]
[PlyCount "45"]
[EventDate "2022.08.26"]
[EventType "tourn"]
[EventRounds "9"]
[EventCountry "ENG"]
[EventCategory "2"]
[SourceTitle "CBM 210 Extra"]
[Source "ChessBase"]
[SourceDate "2022.11.30"]
[SourceVersion "1"]
[SourceVersionDate "2022.11.30"]
[SourceQuality "1"]

1. Nf3 d5 2. g3 Nd7 3. Bg2 e5 4. d3 Ngf6 5. 0-0 Bd6 6. c4 c6 7. cxd5 cxd5 8. Nc3 0-0 9. Nd2 Nb6 10. a4 Be6 11. a5 Nbd7 12. e4 d4 13. Nd5 Nxd5 14. exd5 Bf5 15. Nc4 Nc5 16. Ra3 Rc8 17. g4 Bg6 18. f4 exf4 19. Bxf4 Bxf4 20. Rxf4 Qg5 21. Rxd4 Ne6 22. Qd2 Nc5 23. Qd1 0-1

[Event "SCO-ch op 127th"]
[Site "Edinburgh"]
[Date "2022.07.09"]
[Round "8"]
[White "Madhavan, Sanjith1111"]
[Black "Dunnington, Angus J"]
[Result "1/2-1/2"]
[WhiteElo "1728"]
[BlackElo "2382"]
[PlyCount "38"]
[EventDate "2022.07.02"]
[EventType "swiss"]
[EventRounds "9"]
[EventCountry "SCO"]
[SourceTitle "CBM 209 Extra"]
[Source "ChessBase"]
[SourceDate "2022.09.30"]
[SourceVersion "1"]
[SourceVersionDate "2022.09.30"]
[SourceQuality "1"]

1. e4 g6 2. d4 Bg7 3. Nf3 d6 4. Bd3 Nf6 5. 0-0 0-0 6. h3 Nc6 7. c3 e5 8. Re1 h6 9. a4 Nh5 10. Bf1 Qe8 11. Na3 a6 12. dxe5 dxe5 13. Be3 b6 14. Nc4 Nf6 15. Qc2 a5 16. Rad1 Kh7 17. b3 Nh5 18. Bc1 Nf4 19. Ne3 Bb7 1/2-1/2

[Event "SCO-ch op 127th"]
[Site "Edinburgh"]
[Date "2022.07.08"]
[Round "7"]
[White "Dunnington, Angus J"]
[Black "Stevenson, James"]
[Result "1-0"]
[WhiteElo "2382"]
[BlackElo "2008"]
[PlyCount "111"]
[EventDate "2022.07.02"]
[EventType "swiss"]
[EventRounds "9"]
[EventCountry "SCO"]
[SourceTitle "CBM 209 Extra"]
[Source "ChessBase"]
[SourceDate "2022.09.30"]
[SourceVersion "1"]
[SourceVersionDate "2022.09.30"]
[SourceQuality "1"]

1. d4 d5 2. Bg5 f5 3. c4 h6 4. Bf4 e6 5. e3 Nf6 6. Bd3 Bd6 7. Nc3 0-0 8. Nge2 c6 9. Qc2 Ne4 10. f3 Nxc3 11. bxc3 Qe7 12. 0-0 e5 13. dxe5 Bxe5 14. Kh1 Bf6 15. cxd5 cxd5 16. Bxf5 Nc6 17. Bxc8 Raxc8 18. Qd3 Rfd8 19. Nd4 Ne5 20. Bxe5 Bxe5 21. Rab1 b6 22. f4 Bf6 23. Rb3 Rc5 24. h3 Re8 25. Nf5 Qc7 26. Rc1 Rc8 27. Nd4 Qe7 28. Rb5 Bxd4 29. exd4 Rxb5 30. Qxb5 Qe4 31. Qd7 Rf8 32. Rf1 Kh8 33. Qxa7 Rf6 34. Qb8+ Kh7 35. Qe5 Qd3 36. Qe1 Rc6 37. Rf3 Qc2 38. a3 Qb2 39. a4 Qa2 40. Qd1 Rg6 41. Qf1 Qd2 42. f5 Rc6 43. Qb1 Kh8 44. Qb3 Qe1+ 45. Kh2 Qe4 46. Qb5 Rf6 47. Qd7 h5 48. Rg3 g6 49. fxg6 Rxg6 50. Rxg6 Qxg6 51. Qxd5 Kh7 52. Qe5 Qf7 53. d5 h4 54. c4 Qf1 55. Qe4+ Kg7 56. Qg4+ 1-0

[Event "SCO-ch 125th"]
[Site "Paisley"]
[Date "2018.07.10"]
[Round "4"]
[White "White, Stuart A"]
[Black "Dunnington, Angus J"]
[Result "1-0"]
[WhiteElo "2103"]
[BlackElo "2383"]
[PlyCount "41"]
[EventDate "2018.07.07"]
[EventType "swiss"]
[EventRounds "9"]
[EventCountry "SCO"]
[SourceTitle "CBM 185 Extra"]
[Source "ChessBase"]
[SourceDate "2018.07.29"]
[SourceVersion "1"]
[SourceVersionDate "2018.07.29"]
[SourceQuality "1"]

1. d4 d6 2. e4 Nf6 3. Nc3 c6 4. f4 Qa5 5. Bd3 Bg4 6. Nf3 e5 7. Be3 Nbd7 8. 0-0 Be7 9. h3 Bxf3 10. Qxf3 0-0 11. Kh1 b5 12. dxe5 dxe5 13. f5 h6 14. Rg1 b4 15. Ne2 Bc5 16. g4 Bxe3 17. Qxe3 Qb6 18. Qg3 Nc5 19. g5 Ncxe4 20. Qg2 Nf2+ 21. Kh2 1-0

[Event "SCO-ch 119th"]
[Site "Glasgow"]
[Date "2012.07.15"]
[Round "9"]
[White "Dunnington, Angus J"]
[Black "Hera, Imre Jr"]
[Result "0-1"]
[WhiteElo "2386"]
[BlackElo "2568"]
[PlyCount "48"]
[EventDate "2012.07.07"]
[EventType "swiss"]
[EventRounds "9"]
[EventCountry "SCO"]
[SourceTitle "CBM 149 Extra"]
[Source "ChessBase"]
[SourceDate "2012.08.24"]
[SourceVersion "1"]
[SourceVersionDate "2012.08.24"]
[SourceQuality "1"]

1. Nf3 Nf6 2. g3 d5 3. Bg2 c6 4. 0-0 Bg4 5. d3 e6 6. Nbd2 Be7 7. b3 0-0 8. Bb2 Nbd7 9. h3 Bh5 10. c4 a5 11. a3 Bd6 12. Bc3 Qe7 13. Qc1 e5 14. e4 dxe4 15. dxe4 Nc5 16. Qc2 Bxf3 17. Bxf3 Ne6 18. Qb2 Nd4 19. b4 Nxf3+ 20. Nxf3 Nxe4 21. c5 Bc7 22. Bxe5 Ng5 23. Bxc7 Nxf3+ 24. Kg2 Qe4 0-1

[Event "BCF-chT2 0203 (4NCL)"]
[Site "West Bromwich"]
[Date "2003.05.03"]
[Round "9.1"]
[White "Dunnington, Angus J"]
[Black "Trevelyan, John"]
[Result "1-0"]
[WhiteElo "2388"]
[BlackElo "2191"]
[PlyCount "29"]
[EventDate "2002.11.??"]
[EventType "team"]
[EventRounds "11"]
[EventCountry "ENG"]
[SourceTitle "EXT 2004"]
[Source "ChessBase"]
[SourceDate "2003.11.25"]
[SourceVersion "1"]
[SourceVersionDate "2003.11.25"]
[SourceQuality "1"]
[WhiteTeam "White Rose"]
[BlackTeam "SW Dragons II"]
[WhiteTeamCountry "ENG"]
[BlackTeamCountry "ENG"]

1. d4 d6 2. e4 e5 3. Nf3 Nf6 4. Nc3 Nbd7 5. Bc4 Be7 6. 0-0 0-0 7. a4 c6 8. Ba2 h6 9. Nh4 Nxe4 10. Nxe4 Bxh4 11. Nxd6 exd4 12. Qh5 Nf6 13. Bxf7+ Kh7 14. Qg6+ Kh8 15. Bxh6 1-0

[Event "BCF-chT2 0203 (4NCL)"]
[Site "West Bromwich"]
[Date "2003.03.08"]
[Round "5.1"]
[White "Dunnington, Angus J"]
[Black "Webb, Richard M"]
[Result "1/2-1/2"]
[WhiteElo "2388"]
[BlackElo "2372"]
[PlyCount "49"]
[EventDate "2002.11.??"]
[EventType "team"]
[EventRounds "11"]
[EventCountry "ENG"]
[SourceTitle "EXT 2004"]
[Source "ChessBase"]
[SourceDate "2003.11.25"]
[SourceVersion "1"]
[SourceVersionDate "2003.11.25"]
[SourceQuality "1"]
[WhiteTeam "White Rose"]
[BlackTeam "Wessex"]
[WhiteTeamCountry "ENG"]
[BlackTeamCountry "ENG"]

1. Nf3 Nf6 2. g3 c5 3. Bg2 g6 4. b3 Bg7 5. Bb2 Nc6 6. c4 0-0 7. 0-0 d5 8. cxd5 Nxd5 9. Bxg7 Kxg7 10. d4 cxd4 11. Nxd4 Ndb4 12. Nxc6 Nxc6 13. Nc3 Bf5 14. Qc1 Rc8 15. Rd1 Qc7 16. Qe3 Qe5 17. Qxe5+ Nxe5 18. Rac1 h6 19. h3 f6 20. f4 Nf7 21. Nb5 a5 22. g4 Rxc1 23. Rxc1 Bd7 24. Na7 Rd8 25. Kf2 1/2-1/2

[Event "BCF-chT2 0203 (4NCL)"]
[Site "West Bromwich"]
[Date "2002.11.24"]
[Round "2.1"]
[White "Dunnington, Angus J"]
[Black "Thompson, Ian D"]
[Result "1-0"]
[WhiteElo "2388"]
[BlackElo "2238"]
[PlyCount "51"]
[EventDate "2002.11.??"]
[EventType "team"]
[EventRounds "11"]
[EventCountry "ENG"]
[SourceTitle "EXT 2004"]
[Source "ChessBase"]
[SourceDate "2003.11.25"]
[SourceVersion "1"]
[SourceVersionDate "2003.11.25"]
[SourceQuality "1"]
[WhiteTeam "White Rose"]
[BlackTeam "Guildford II"]
[WhiteTeamCountry "ENG"]
[BlackTeamCountry "ENG"]

1. Nf3 Nf6 2. d4 b6 3. Bg5 Bb7 4. Nbd2 e6 5. e3 c5 6. c3 Be7 7. Bd3 Nc6 8. 0-0 d5 9. Ne5 Nxe5 10. dxe5 Nd7 11. Bxe7 Qxe7 12. f4 f6 13. Qh5+ Qf7 14. Qe2 f5 15. c4 0-0 16. Nf3 Qe7 17. a3 a6 18. cxd5 exd5 19. b4 a5 20. bxc5 Nxc5 21. Rab1 a4 22. Rxb6 Nb3 23. Rd6 Qc7 24. Ng5 Qc3 25. Qh5 h6 26. Rxh6 1-0

[Event "BCF-chT2 0203 (4NCL)"]
[Site "West Bromwich"]
[Date "2002.11.23"]
[Round "1.1"]
[White "Swanson, Stephen"]
[Black "Dunnington, Angus J"]
[Result "1/2-1/2"]
[WhiteElo "2291"]
[BlackElo "2388"]
[PlyCount "65"]
[EventDate "2002.11.??"]
[EventType "team"]
[EventRounds "11"]
[EventCountry "ENG"]
[SourceTitle "EXT 2004"]
[Source "ChessBase"]
[SourceDate "2003.11.25"]
[SourceVersion "1"]
[SourceVersionDate "2003.11.25"]
[SourceQuality "1"]
[WhiteTeam "Poisoned Pawns"]
[BlackTeam "White Rose"]
[WhiteTeamCountry "ENG"]
[BlackTeamCountry "ENG"]

1. e4 g6 2. d4 d6 3. Nc3 Bg7 4. Be2 a6 5. h4 h5 6. Be3 Nc6 7. d5 Ne5 8. f4 Ng4 9. Bxg4 Bxg4 10. Qd3 Nf6 11. Nf3 c5 12. dxc6 bxc6 13. 0-0-0 0-0 14. e5 Nd5 15. Nxd5 cxd5 16. Qxd5 Be6 17. Qd2 Bxa2 18. Bd4 dxe5 19. Bxe5 Qxd2+ 20. Nxd2 Bxe5 21. fxe5 Bd5 22. Rhg1 Kg7 23. b3 Rac8 24. Kb2 Rc5 25. g3 Be6 26. Rde1 Rd8 27. Nf3 Bg4 28. Rgf1 a5 29. Rf2 Rdd5 30. c4 Rd3 31. Ng5 Bf5 32. Rf3 Rd2+ 33. Ka3 1/2-1/2

[Event "BCF-chT 0001 (4NCL)"]
[Site "Birmingham"]
[Date "2001.05.05"]
[Round "9.4"]
[White "Dunnington, Angus J"]
[Black "Swanson, Stephen"]
[Result "0-1"]
[WhiteElo "2388"]
[BlackElo "2273"]
[PlyCount "74"]
[EventDate "2000.09.??"]
[EventType "team"]
[EventRounds "11"]
[EventCountry "ENG"]
[SourceTitle "EXT 2002"]
[Source "ChessBase"]
[SourceDate "2001.11.25"]
[SourceVersion "1"]
[SourceVersionDate "2001.11.25"]
[SourceQuality "1"]
[WhiteTeam "WR"]
[BlackTeam "PP"]
[WhiteTeamCountry "ENG"]
[BlackTeamCountry "ENG"]

1. d4 d6 2. e4 g6 3. Nc3 Bg7 4. Nf3 Nf6 5. Be3 0-0 6. Qd2 c6 7. Bh6 Qa5 8. 0-0-0 Nbd7 9. h4 Bxh6 10. Qxh6 Ng4 11. Qd2 h5 12. Ng5 b5 13. f3 Ngf6 14. g4 Rb8 15. gxh5 Nxh5 16. Kb1 Kg7 17. Rg1 b4 18. Ne2 Nb6 19. Nc1 Na4 20. Nb3 Qc7 21. Bc4 d5 22. exd5 cxd5 23. Bxd5 Qd6 24. Be4 f5 25. Bd3 a5 26. Rde1 Nf6 27. h5 Nxh5 28. Bc4 Rf6 29. Re5 Nb6 30. Qe2 e6 31. Nc5 Qxd4 32. Rd1 Qxc4 33. Qd2 Nd5 34. Ncxe6+ Bxe6 35. Nxe6+ Rxe6 36. Rxd5 Rbe8 37. Qg5 Qxd5 0-1

[Event "BCF-chT 0001 (4NCL)"]
[Site "Birmingham"]
[Date "2000.09.23"]
[Round "1.2"]
[White "Dunnington, Angus J"]
[Black "Dineley, Richard"]
[Result "1/2-1/2"]
[WhiteElo "2391"]
[BlackElo "2273"]
[PlyCount "66"]
[EventDate "2000.09.??"]
[EventType "team"]
[EventRounds "11"]
[EventCountry "ENG"]
[SourceTitle "EXT 2002"]
[Source "ChessBase"]
[SourceDate "2001.11.25"]
[SourceVersion "1"]
[SourceVersionDate "2001.11.25"]
[SourceQuality "1"]
[WhiteTeam "WR"]
[BlackTeam "SW Dragons"]
[WhiteTeamCountry "ENG"]
[BlackTeamCountry "ENG"]

1. Nf3 Nf6 2. b3 e6 3. Bb2 b6 4. g3 Bb7 5. Bg2 Be7 6. 0-0 0-0 7. c4 c5 8. e3 d6 9. Nc3 Nbd7 10. d4 cxd4 11. Nxd4 Bxg2 12. Kxg2 Qc7 13. f4 Qb7+ 14. Qf3 Qxf3+ 15. Kxf3 Rfc8 16. Rad1 a6 17. g4 Rab8 18. g5 Ne8 19. h4 g6 20. h5 Bf8 21. e4 e5 22. Nc2 exf4 23. Nb4 Ra8 24. Ncd5 b5 25. hxg6 fxg6 26. cxb5 axb5 27. Kxf4 Nc7 28. Nxc7 Rxc7 29. Rc1 Rac8 30. Rxc7 Rxc7 31. Rd1 Kf7 32. Rh1 Kg8 33. Rd1 Kf7 1/2-1/2

[Event "Staffordshire IM"]
[Site "Lichfield"]
[Date "2000.07.10"]
[Round "5"]
[White "Ernst, Sipke"]
[Black "Dunnington, Angus J"]
[Result "0-1"]
[WhiteElo "2392"]
[BlackElo "2372"]
[PlyCount "42"]
[EventDate "2000.07.06"]
[EventType "tourn"]
[EventRounds "9"]
[EventCountry "ENG"]
[EventCategory "3"]
[SourceTitle "CBM 077 Extra"]
[Source "ChessBase"]
[SourceDate "2000.09.14"]
[SourceVersion "1"]
[SourceVersionDate "2000.09.14"]
[SourceQuality "1"]

1. d4 d6 2. c4 e5 3. Nc3 exd4 4. Qxd4 Nc6 5. Qd3 Ne5 6. Qc2 g6 7. g3 Bg7 8. Bg2 Nf6 9. b3 0-0 10. Bb2 Re8 11. e4 b5 12. Nxb5 c6 13. Nd4 d5 14. 0-0-0 Nxe4 15. f3 Nd6 16. f4 c5 17. fxe5 cxd4 18. exd6 Bf5 19. Qf2 Bh6+ 20. Rd2 Qa5 21. Kd1 Qxa2 0-1